Programming in Anci C (Record no. 194975)
[ view plain ]
| 000 -LEADER | |
|---|---|
| fixed length control field | 00487nam a2200193Ia 4500 |
| 005 - DATE AND TIME OF LATEST TRANSACTION | |
| control field | 20260531145102.0 |
| 008 - FIXED-LENGTH DATA ELEMENTS--GENERAL INFORMATION | |
| fixed length control field | 260531s9999 xx 000 0 und d |
| 020 ## - INTERNATIONAL STANDARD BOOK NUMBER | |
| International Standard Book Number | 9780070534773 |
| 041 ## - LANGUAGE CODE | |
| Language code of text/sound track or separate title | English |
| 082 ## - DEWEY DECIMAL CLASSIFICATION NUMBER | |
| Classification number | 681.3.423.12 BAL |
| 100 ## - MAIN ENTRY--PERSONAL NAME | |
| Personal name | Balagurusamy (E) |
| 245 #0 - TITLE STATEMENT | |
| Title | Programming in Anci C |
| 250 ## - EDITION STATEMENT | |
| Edition statement | 3 |
| 260 ## - PUBLICATION, DISTRIBUTION, ETC. | |
| Name of publisher, distributor, etc. | Tata Mcgraw-Hill Company Limited |
| Place of publication, distribution, etc. | New Delhi |
| Date of publication, distribution, etc. | 2006 |
| 300 ## - PHYSICAL DESCRIPTION | |
| Other physical details | Paper Back |
| Extent | 493+14 |
| 563 ## - BINDING INFORMATION | |
| Binding note | Paper Back |
| 650 ## - SUBJECT ADDED ENTRY--TOPICAL TERM | |
| Topical term or geographic name entry element | ANSI C |
| 942 ## - ADDED ENTRY ELEMENTS (KOHA) | |
| Koha item type | Books |
No items available.